00486 a2200169 450000100060000002000260000604000220003210000170005424000350007124500300010630000100013636200090014665000230015594200070017895201140018599900170029964135 a9788574065618 (broch) cAnchieta - Pituba aShay, Noemie10aÉ proibido falar disso!lpor10aÉ proibido falar disso! a79p. 0 a2013 4aLiteratura juvenil cBK 00104070a91.1b91.1d2023-11-21l0oLJ 028.5 S538e SHA EPRp17764/PITr2023-11-21 18:32:33w2023-11-21yBK c64135d64135